000
00304nam a22001337a 4500
020
_a
0 902089 78 1
082
_a
021.009 4 CLA
100
_a
Clark, J. W.
245
_a
The care of Book
260
_a
LONDON
_b
VARIORUM REPRINT
_c
1975
300
_a
xxvi,352p
_b
ill.;23CM
500
_a
INDEX
942
_c
BK
999
_c
19136
_d
19136